[Event "Perm op 04"]
[Site "Perm"]
[Date "2010.04.22"]
[Round "1"]
[White "Zhulanov, Viktor"]
[Black "Noskov, Alexander"]
[Result "1-0"]
[WhiteElo "2238"]
[BlackElo "1849"]
[PlyCount "125"]
[EventDate "2010.04.22"]
[EventType "swiss"]
[EventRounds "9"]
[EventCountry "RUS"]
[SourceTitle "EXT 2012"]
[Source "ChessBase"]
[SourceDate "2011.11.24"]
[SourceVersion "1"]
[SourceVersionDate "2011.11.24"]
[SourceQuality "1"]

1. e4 e5 2. Nf3 Nc6 3. Bc4 Be7 4. d4 d6 5. dxe5 dxe5 6. Qxd8+ Bxd8 7. Nc3 Nge7 8. Be3 0-0 9. 0-0-0 Ng6 10. h3 Na5 11. Be2 Be6 12. b3 f6 13. Nd2 a6 14. g3 b5 15. f4 Bf7 16. h4 c6 17. h5 Ne7 18. Nf3 exf4 19. gxf4 Rb8 20. h6 Bb6 21. Bxb6 Rxb6 22. hxg7 Kxg7 23. Nh4 Rfb8 24. e5 fxe5 25. fxe5 c5 26. Rd7 R8b7 27. Rxe7 Rxe7 28. Nf5+ Kf8 29. Nxe7 Kxe7 30. Rxh7 Kf8 31. Bf3 Kg8 32. Rh1 Re6 33. Re1 Rg6 34. Ne4 c4 35. Nf6+ Kg7 36. Bh5 Rg5 37. Bxf7 Kxf7 38. e6+ Ke7 39. Nd7 cxb3 40. axb3 Nc6 41. Nb6 Ne5 42. Nd5+ Kxe6 43. Nc7+ Kd6 44. Nxa6 Rg2 45. Rd1+ Kc6 46. Kb2 Kb6 47. Rd6+ Nc6 48. Nb8 Kc7 49. Rxc6+ Kb7 50. Rc5 Kxb8 51. Rxb5+ Kc7 52. b4 Rh2 53. Rg5 Kb6 54. Kb3 Rh1 55. c3 Rf1 56. Rg6+ Kb7 57. c4 Rh1 58. c5 Rh4 59. b5 Rf4 60. Rg7+ Kb8 61. c6 Ka8 62. b6 Rf8 63. Ra7+ 1-0